[Event "Tata Steel India Blitz"]
[Site "Kolkata IND"]
[Date "2022.12.04"]
[Round "12.3"]
[White "Nakamura,Hi"]
[Black "Abdusattorov,Nodirbek"]
[Result "1-0"]
[WhiteElo "2768"]
[BlackElo "2713"]

1.c4 c5 2.Nf3 Nc6 3.Nc3 Nf6 4.d4 cxd4 5.Nxd4 e6 6.Nxc6 bxc6 7.e4 e5 8.Qd3 Be7
9.Be2 O-O 10.O-O d6 11.b4 Be6 12.Rd1 Qc7 13.Be3 Rfd8 14.Rac1 Qb7 15.a3 Rac8
16.f3 h6 17.Bf2 Rc7 18.Bf1 Rcd7 19.Qc2 Rc8 20.Qa4 Rb8 21.Rb1 Rdd8 22.b5 c5
23.Qc2 Rd7 24.a4 Bd8 25.Be1 Ba5 26.Nd5 Bxe1 27.Nxf6+ gxf6 28.Rxe1 Qc7 29.Qd2 Kh7
30.a5 Qd8 31.Bd3 Qg8 32.g3 Qg7 33.Kh1 Kh8 34.Rb2 Qg6 35.Reb1 Qg7 36.b6 axb6
37.Rxb6 Ra8 38.Rb8+ Rd8 39.Rxd8+ Rxd8 40.a6 Ra8 41.Rb6 Bc8 42.Qa5 Qg5 43.Bf1 Qe3
44.Kg2 Kg7 45.Rxd6 f5 46.Qd8 Rxa6 47.Qf6+  1-0

[Event "Tata Steel India Blitz"]
[Site "Kolkata IND"]
[Date "2022.12.04"]
[Round "13.1"]
[White "Mamedyarov,S"]
[Black "Nakamura,Hi"]
[Result "1/2-1/2"]
[WhiteElo "2740"]
[BlackElo "2768"]

1.d4 Nf6 2.c4 e6 3.Nc3 Bb4 4.g3 O-O 5.Bg2 d5 6.Nf3 dxc4 7.O-O Nc6 8.Re1 Rb8
9.a3 Be7 10.Qa4 Nxd4 11.Nxd4 Qxd4 12.Rd1 Qb6 13.Qxc4 Bd7 14.b4 c6 15.Be3 Qc7
16.Bxa7 Rbc8 17.Bc5 b5 18.Qd4 e5 19.Qe3 Ng4 20.Qf3 Bxc5 21.bxc5 Be6 22.Ne4 Qa7
23.Ng5 Bd7 24.Nxh7 Kxh7 25.Qd3+ f5 26.Qxd7 Qxc5 27.e3 e4 28.Bh3 Ne5 29.Bxf5+ Kh8
30.Qxc8 Rxc8 31.Bxc8 Nd3 32.Ra2 Qf8 33.Bh3 c5 34.Bg2 Qf5 35.Rc2 c4 36.Rb1 g5
37.h3 Kg7 38.Rf1 Qe5 39.Rb1 Qf5 40.Rf1 Kf6 41.Rb1 Ke7 42.Kh2 Kd6 43.a4 bxa4
44.Rxc4 Qxf2 45.Rxe4 Ne1 46.Rd4+ Ke6 47.Rb6+ Ke7 48.Rb7+ Ke6 49.Rb6+ Ke7
50.Rb7+ Ke6  1/2-1/2

[Event "Tata Steel India Blitz"]
[Site "Kolkata IND"]
[Date "2022.12.04"]
[Round "14.4"]
[White "Nakamura,Hi"]
[Black "Vidit,S"]
[Result "1-0"]
[WhiteElo "2768"]
[BlackElo "2730"]

1.c4 e5 2.d3 Nf6 3.a3 Nc6 4.b4 d5 5.cxd5 Nxd5 6.Nf3 Bd6 7.e4 Nde7 8.Bb2 a6
9.Nbd2 O-O 10.Nc4 Ng6 11.g3 b5 12.Ne3 a5 13.bxa5 Nxa5 14.Bg2 c5 15.h4 Re8
16.h5 Nf8 17.h6 g6 18.O-O f6 19.Nd5 Ne6 20.Nh2 Rf8 21.Rb1 Nc6 22.Nf3 Kh8
23.Bh3 Rb8 24.Kh2 Rf7 25.Bc1 Nc7 26.Bxc8 Qxc8 27.Qb3 c4 28.dxc4 bxc4 29.Qxc4 Rxb1
30.Qxc6 Qd7 31.Qc2 Rb8 32.Rd1 Nxd5 33.Rxd5 Qg4 34.Kg2 Bf8 35.a4 Rb4 36.Rd8 Kg8
37.Ba3 Qxe4 38.Qc8 g5 39.Bxb4 Qxb4 40.Qc6 g4 41.Nh4 f5 42.Qd5 Qxa4 43.Nxf5 e4
44.Nd6 Qa3 45.Qxf7+  1-0

[Event "Tata Steel India Blitz"]
[Site "Kolkata IND"]
[Date "2022.12.04"]
[Round "15.5"]
[White "Maghsoodloo,Parham"]
[Black "Nakamura,Hi"]
[Result "1-0"]
[WhiteElo "2719"]
[BlackElo "2768"]

1.d4 Nf6 2.c4 e6 3.Nf3 d5 4.Nc3 Be7 5.cxd5 exd5 6.Bf4 c6 7.e3 Bf5 8.Nh4 Bg4
9.Qc2 Nh5 10.h3 Bc8 11.Nf3 Nxf4 12.exf4 Bd6 13.g3 Na6 14.a3 O-O 15.Bd3 Re8+
16.Kf1 g6 17.Kg2 Nc7 18.h4 Bg4 19.Ne5 Bxe5 20.dxe5 Ne6 21.Ne2 c5 22.f3 Bxf3+
23.Kxf3 c4 24.Bxg6 hxg6 25.Rad1 Qb6 26.h5 d4 27.hxg6 d3 28.gxf7+ Kxf7 29.Qxc4 dxe2
30.Rd7+ Kg8 31.Rd6 Qc7 32.Qxc7 Nxc7 33.Kxe2 Re7 34.Rhd1 Rae8 35.Rd7 Ne6 36.Kf3 Nc5
37.Rxe7 Rxe7 38.Rd4 a6 39.g4 b5 40.g5 Ne6 41.Rd6 Nxg5+ 42.fxg5 Rxe5 43.Rxa6 Rxg5
44.Kf4 Rg2 45.b4 Rh2 46.Ra5 Rh3 47.Ke5 Kf7 48.Kd6 Rc3 49.Rxb5 Rxa3 50.Re5 Kf6
51.b5 Ra5 52.Rc5 Kf7 53.b6  1-0

[Event "Tata Steel India Blitz"]
[Site "Kolkata IND"]
[Date "2022.12.04"]
[Round "16.5"]
[White "Nakamura,Hi"]
[Black "Gukesh,D"]
[Result "1-0"]
[WhiteElo "2768"]
[BlackElo "2725"]

1.c4 e6 2.Nc3 d5 3.d4 Nf6 4.cxd5 exd5 5.Bg5 Bb4 6.e3 h6 7.Bh4 g5 8.Bg3 Ne4
9.Rc1 Nc6 10.Bd3 h5 11.f3 Nxg3 12.hxg3 Qe7 13.Kf2 Be6 14.Nge2 h4 15.g4 O-O-O
16.a3 Bd6 17.Nb5 a6 18.Nxd6+ Rxd6 19.Qd2 Rf8 20.Bf5 Bxf5 21.gxf5 Qd7 22.Qd3 Ne7
23.g4 hxg3+ 24.Nxg3 Rf6 25.e4 dxe4 26.fxe4 Rd6 27.d5 Nxd5 28.exd5 Rxd5 29.Qc4 Rd2+
30.Kg1 Re8 31.Rh2 Rd4 32.Qc2 Rg4 33.Rg2 Re3 34.Nf1 Ree4 35.Qc5 b5 36.Qa7 Rxg2+
37.Kxg2 Rc4 38.Qa8+  1-0

[Event "Tata Steel India Blitz"]
[Site "Kolkata IND"]
[Date "2022.12.04"]
[Round "18.1"]
[White "Nakamura,Hi"]
[Black "Praggnanandhaa,R"]
[Result "1-0"]
[WhiteElo "2768"]
[BlackElo "2684"]

1.c4 e5 2.a3 Nf6 3.d3 c6 4.Nf3 Bd6 5.Bg5 h6 6.Bh4 Bc7 7.Nc3 d6 8.e3 Nbd7
9.d4 Qe7 10.Be2 Nf8 11.Qc2 Ng6 12.Bg3 O-O 13.Bd3 Nf4 14.Bf1 Bg4 15.O-O-O exd4
16.Rxd4 Ne6 17.Rd1 Nc5 18.Be2 Bh5 19.Nh4 Bxe2 20.Nxe2 Nfe4 21.Kb1 a5 22.Nf5 Qf6
23.Ned4 a4 24.f3 Nxg3 25.hxg3 Rad8 26.Nxh6+ gxh6 27.Nf5 d5 28.Nxh6+  1-0

[Event "chess.com SpeedChess 2022"]
[Site "chess.com INT"]
[Date "2022.12.08"]
[Round "1.13"]
[White "Nakamura,Hi"]
[Black "Paravyan,D"]
[Result "1-0"]
[WhiteElo "2768"]
[BlackElo "2586"]

1.h3 e5 2.c4 Nf6 3.Nc3 Nc6 4.g4 Ne7 5.d4 exd4 6.Qxd4 d5 7.g5 Nf5 8.Qd3 Ne4
9.cxd5 Nc5 10.Qc2 Qe7 11.b4 Nd4 12.Qd1 Qe5 13.f4 Nf3+ 14.Nxf3 Qxc3+ 15.Bd2 Qc4
16.Rc1 Qxd5 17.bxc5 Bf5 18.Qb3 Qc6 19.Bg2 O-O-O 20.Be3 Be4 21.Ne5 Bxg2 22.Nxc6 Bxc6
23.Rg1 Be7 24.Kf2 Rd5 25.Rgd1 Rf5 26.Ke1 h6 27.g6 Rf8 28.gxf7 R5xf7 29.Qe6+ Kb8
30.Rb1 Bh4+ 31.Bf2 Rxf4 32.Bxh4 Re4 33.Qxc6  1-0

[Event "chess.com SpeedChess 2022"]
[Site "chess.com INT"]
[Date "2022.12.08"]
[Round "1.11"]
[White "Nakamura,Hi"]
[Black "Paravyan,D"]
[Result "1-0"]
[WhiteElo "2768"]
[BlackElo "2586"]

1.a3 Nf6 2.c4 e5 3.d3 d5 4.cxd5 Nxd5 5.Nf3 Bd6 6.e4 Nf6 7.b4 O-O 8.Bb2 Re8
9.Nbd2 b5 10.d4 exd4 11.Bxb5 Bd7 12.Bd3 a5 13.b5 c6 14.a4 cxb5 15.axb5 Nh5
16.O-O Nf4 17.Bc4 Bg4 18.Qb3 Qd7 19.Bxd4 Bh5 20.g3 Nh3+ 21.Kg2 Qg4 22.e5 Bb4
23.e6 Nf4+ 24.Kh1 Nxe6 25.Bc3 Nd7 26.Bxb4 axb4 27.Rxa8 Rxa8 28.Bxe6 Qxe6
29.Qxe6 fxe6 30.Rb1 Ra4 31.Nd4 Bg6 32.Rb2 e5 33.Nc6 Nb6 34.Rxb4 Ra1+ 35.Kg2 Bf7
36.Nxe5 Bd5+ 37.Ndf3 g5 38.h4 h6 39.hxg5 hxg5 40.Rg4 Rb1 41.Rxg5+ Kh7 42.Kh2 Rxb5
43.Nd4 Rb2 44.Ng4 Bc4 45.Nf5  1-0

[Event "chess.com SpeedChess 2022"]
[Site "chess.com INT"]
[Date "2022.12.08"]
[Round "1.12"]
[White "Paravyan,D"]
[Black "Nakamura,Hi"]
[Result "1/2-1/2"]
[WhiteElo "2586"]
[BlackElo "2768"]

1.e4 c6 2.d4 d5 3.e5 Bf5 4.h4 h5 5.Bd3 Bxd3 6.Qxd3 e6 7.Bg5 Qb6 8.Nd2 c5
9.Ne2 Nc6 10.c4 cxd4 11.cxd5 Nb4 12.Qb3 Nxd5 13.Qa4+ Qc6 14.Qxc6+ bxc6 15.Nxd4 c5
16.N4f3 f6 17.Be3 Nxe3 18.fxe3 Nh6 19.Rc1 Ng4 20.Ke2 Be7 21.Ne4 Rb8 22.b3 Rb5
23.Rhd1 fxe5 24.Rc4 Ra5 25.a4 Rf8 26.Nfg5 Bxg5 27.hxg5 Ke7 28.Rc3 Rb8 29.Nxc5 Kf7
30.Rd7+ Kg6 31.Nxe6 Ra6 32.Rxg7+ Kf5 33.e4+ Kxe4 34.Nc5+ Kd4 35.Rc4+ Kd5
36.Rd7+ Rd6 37.Rxd6+ Kxd6 38.Ne4+ Kd5 39.Nf6+ Nxf6 40.gxf6 Rxb3 41.f7 Rb8
42.Rc7 a6 43.Re7 Rf8 44.Ke3 a5 45.g3 Kd6 46.Ra7 Ke6 47.Ke4 Rxf7 48.Ra6+ Ke7
49.Rxa5 Kf6 50.Rxe5 Rg7 51.Rf5+ Ke6 52.Re5+ Kd6 53.Rd5+ Ke6 54.Re5+ Kd6 55.Rd5+ Ke6
56.Rd3 Rg4+ 57.Kf3 Rxa4 58.Rb3 h4 59.gxh4 Rxh4 60.Kg2 Rg4+ 61.Rg3 Kf5 62.Rxg4 Kxg4  1/2-1/2

[Event "chess.com SpeedChess 2022"]
[Site "chess.com INT"]
[Date "2022.12.08"]
[Round "1.39"]
[White "Nakamura,Hi"]
[Black "Paravyan,D"]
[Result "0-1"]
[WhiteElo "2768"]
[BlackElo "2586"]

1.f4 Nf6 2.Nc3 d5 3.Nf3 d4 4.Nb1 Nc6 5.g3 Bf5 6.Bg2 Qd7 7.d3 Bh3 8.O-O Bxg2
9.Kxg2 g6 10.c3 Bg7 11.cxd4 Nxd4 12.e4 O-O 13.Nc3 Rfd8 14.Ne5 Qe6 15.Be3 c6
16.Bxd4 Rxd4 17.Nf3 Rd7 18.Qe2 Rad8 19.d4 Ne8 20.e5 h6 21.h3 Nc7 22.Rae1 c5
23.dxc5 Qc6 24.Ne4 Ne6 25.Kh2 Nxc5 26.Nxc5 Qxc5 27.Rc1 Qd5 28.b3 e6 29.Rc2 Bf8
30.Rc4 a6 31.Rfc1 Kg7 32.Kg2 Ba3 33.R1c2 Be7 34.Rd4 Qb5 35.Qxb5 axb5 36.Rxd7 Rxd7
37.Kf2 b6 38.Ke2 g5 39.fxg5 hxg5 40.g4 Kg6 41.Rc8 Ra7 42.Rc2 Bc5 43.Rd2 Ra8
44.Kd3 Rh8 45.Rh2 Rd8+ 46.Ke4 Rd1 47.Rd2 Rh1 48.Rd8 Rxh3 49.Rg8+ Kh7 50.Nxg5+ Kxg8
51.Nxh3 Kg7 52.Ng5 Kg6 53.Nf3 Kh6 54.Kf4 Kg6 55.Ne1 Bg1 56.Nd3 Bh2+ 57.Kf3 Kg5
58.a3 Kh4 59.Kg2 Bg3 60.Kf3 Bh2 61.a4 bxa4 62.bxa4 Kg5 63.Kg2 Bf4 64.Kf3 Bd2
65.Nf2 Kg6 66.Ne4 Bb4 67.Nd6 Bc3 68.Nc4 Bd4 69.Ke4 Bg1 70.Kf4 Bh2+ 71.Kf3 Bg1
72.Kg2 Bc5 73.Kh3 Kg5 74.Kg3 Bd4 75.Kf3 Bc5 76.Nd2 Kg6 77.Kf4 Bg1 78.Nf3 Bc5
79.g5 Kh5 80.Nd2 Bb4 81.Nc4 Bc5 82.Nd6 Kg6 83.Nc8 Bg1 84.Kg4 Bd4 85.Ne7+ Kg7
86.Nc6 Bc5 87.Kh5 Bg1 88.Nd8 Bd4 89.Nc6 Bc3 90.Kh4 Be1+ 91.Kg4 Bf2 92.Nb4 Bc5
93.Nd3 Bd4 94.Kf4 Kg6 95.Ke4 Bg1 96.Kf4 Kh5 97.Ke4 Kxg5 98.Ne1 Bc5 99.Nf3+ Kg4
100.Nd2 Kg5 101.Nc4 Kg6 102.Nd6 Bxd6 103.exd6 f5+ 104.Kd4 Kf7 105.Kc4 f4
106.Kb5 f3 107.Kc6 f2 108.d7 f1=Q 109.d8=Q Qc4+ 110.Kxb6 Qb4+ 111.Kc7 Qa5+
112.Kc8 Qa8+ 113.Kc7 Qa7+ 114.Kc8 Qa8+ 115.Kd7 Qxa4+ 116.Kc7 Qa5+ 117.Kc8 Qxd8+
118.Kxd8 e5 119.Kc8 e4 120.Kb8 e3 121.Kb7 e2 122.Ka6 e1=Q 123.Kb5 Qc3 124.Ka4 Qb2
125.Ka5 Ke6 126.Ka6 Kd5 127.Ka5 Kc5 128.Ka6 Qb6+  0-1

[Event "chess.com SpeedChess 2022"]
[Site "chess.com INT"]
[Date "2022.12.08"]
[Round "1.38"]
[White "Paravyan,D"]
[Black "Nakamura,Hi"]
[Result "1-0"]
[WhiteElo "2586"]
[BlackElo "2768"]

1.e4 g6 2.d4 Bg7 3.Nf3 c6 4.Nc3 d5 5.h3 dxe4 6.Nxe4 Nf6 7.Nxf6+ exf6 8.Bc4 Nd7
9.Qe2+ Qe7 10.Qxe7+ Kxe7 11.a4 Rd8 12.O-O Kf8 13.b3 Kg8 14.Re1 Nf8 15.a5 Be6
16.Be3 Bxc4 17.bxc4 f5 18.Reb1 Rd7 19.c3 Ne6 20.Rb3 Bf6 21.Rab1 Rb8 22.g3 h5
23.h4 Kg7 24.Kg2 a6 25.Kh3 Kh7 26.Ne1 Bd8 27.Ra3 f4 28.Bxf4 Nxf4+ 29.gxf4 Bc7
30.Nd3 Re7 31.Kg3 Re2 32.Rab3 Bxa5 33.Ne5 Rc2 34.Nxc6 bxc6 35.Rxb8 Rxc3+
36.Kg2 Rxc4 37.R1b7 Kg7 38.Rd7 Rb4 39.Rxb4 Bxb4 40.Kf3 a5 41.Ra7 Kf6 42.Ke4 Ke6
43.Ra6 f5+ 44.Kd3 Kd5 45.Ra7 Be1 46.Ke2 Bc3 47.Kd3 Be1 48.Rd7+ Ke6 49.Rg7 Kf6
50.Rc7 Bxf2 51.Rxc6+ Kf7 52.Ra6 Bxh4 53.Rxa5 Be7 54.Ke3 Ke6 55.Ra6+ Bd6 56.Ra8 h4
57.Kf3 Be7 58.Ra6+ Bd6 59.Rb6 Kd5 60.Rb7 Kxd4 61.Rg7 Bc7 62.Rxc7 Kd5 63.Rg7  1-0

[Event "chess.com SpeedChess 2022"]
[Site "chess.com INT"]
[Date "2022.12.08"]
[Round "1.37"]
[White "Nakamura,Hi"]
[Black "Paravyan,D"]
[Result "1-0"]
[WhiteElo "2768"]
[BlackElo "2586"]

1.e4 e5 2.Nc3 Nf6 3.f4 d5 4.fxe5 Nxe4 5.Qf3 Nc6 6.Bb5 Nxc3 7.dxc3 Qh4+ 8.g3 Qe4+
9.Qxe4 dxe4 10.Bxc6+ bxc6 11.Be3 Bg4 12.Ne2 h5 13.h3 Bf3 14.Rg1 O-O-O 15.Nd4 Bc5
16.Kf2 Rhe8 17.b4 Bb6 18.a4 Rxe5 19.a5 Bxd4 20.Bxd4 Rf5 21.Ke3 a6 22.Bxg7 c5
23.g4 hxg4 24.hxg4 Rfd5 25.c4 Rd2 26.b5 Kb7 27.Be5 Rxc2 28.bxa6+ Kxa6 29.Bxc7 Rd3+
30.Kf4 Rxc4 31.Rgb1 Rb4 32.Rc1 c4 33.Be5 Rd5 34.Bf6 Rd7 35.g5 Be2 36.Rh1 Rb5
37.Rh8 Ka7 38.a6 Bd3 39.Ke3 Rc7 40.Bd4+ Rbc5 41.Rf8 c3 42.Bxc5+ Rxc5 43.Rxf7+ Ka8
44.a7 Rc8 45.g6 c2 46.g7 Bc4 47.Rf8  1-0

[Event "chess.com SpeedChess 2022"]
[Site "chess.com INT"]
[Date "2022.12.08"]
[Round "1.36"]
[White "Paravyan,D"]
[Black "Nakamura,Hi"]
[Result "0-1"]
[WhiteElo "2586"]
[BlackElo "2768"]

1.e4 g6 2.d4 Bg7 3.Nf3 a6 4.Nc3 b5 5.h4 Bb7 6.h5 b4 7.Nd5 Bxd5 8.exd5 Nf6
9.h6 Bf8 10.Bc4 e6 11.Qe2 Be7 12.dxe6 dxe6 13.Bf4 Nd5 14.Be5 O-O 15.O-O-O Nc6
16.Kb1 a5 17.Rhe1 a4 18.Bg7 a3 19.Bxd5 Qxd5 20.Qe4 Rfd8 21.Qxd5 Rxd5 22.c4 bxc3
23.bxc3 Rb5+ 24.Ka1 Rb2 25.d5 exd5 26.c4 Rxf2 27.cxd5 Nb4 28.Rxe7 Rxa2+ 29.Kb1 Rxg2
30.Rxc7 Rb8 31.d6 Nc2+ 32.Ka2 Nd4+ 33.Kxa3 Rb3+ 34.Ka4 Ra2+  0-1

[Event "chess.com SpeedChess 2022"]
[Site "chess.com INT"]
[Date "2022.12.08"]
[Round "1.35"]
[White "Nakamura,Hi"]
[Black "Paravyan,D"]
[Result "1-0"]
[WhiteElo "2768"]
[BlackElo "2586"]

1.f4 Nf6 2.Nf3 g6 3.d3 Bg7 4.e4 O-O 5.g3 d5 6.e5 Nfd7 7.d4 c5 8.c3 cxd4 9.cxd4 b6
10.h4 h5 11.g4 hxg4 12.Ng5 Qe8 13.h5 gxh5 14.Nc3 f6 15.Ne6 Nxe5 16.Nxg7 Kxg7
17.fxe5 fxe5 18.dxe5 Nc6 19.Qxd5 Bf5 20.Qd2 Nxe5 21.Qh6+ Kg8 22.Rxh5 Nf3+
23.Kf2 Bg6 24.Bc4+ e6 25.Qh8+ Kf7 26.Rh7+ Bxh7 27.Qxh7+ Kf6 28.Bf4 Rh8 29.Ne4+  1-0

[Event "chess.com SpeedChess 2022"]
[Site "chess.com INT"]
[Date "2022.12.08"]
[Round "1.34"]
[White "Paravyan,D"]
[Black "Nakamura,Hi"]
[Result "0-1"]
[WhiteElo "2586"]
[BlackElo "2768"]

1.e4 e5 2.Nf3 Nc6 3.Nc3 Nf6 4.d4 exd4 5.Nxd4 Bb4 6.Nxc6 bxc6 7.Be2 d5 8.Qd4 Qd6
9.e5 c5 10.Qf4 Qe6 11.exf6 O-O 12.Qg5 g6 13.O-O c6 14.Bd3 c4 15.Be2 Re8 16.Bf3 Qf5
17.Qh4 Qxc2 18.a3 Bc5 19.Be3 Bd6 20.Rae1 Bf5 21.Bf4 Bc5 22.Re2 Rxe2 23.Nxe2 Bd3
24.Rc1 Qxb2 25.Be3 Bxe2 26.Re1 Bxe3 27.fxe3 Bxf3 28.gxf3 Re8 29.e4 Qd4+ 30.Kg2 h5
31.Qg5 dxe4 32.fxe4 c3 33.e5 Qd2+ 34.Qxd2 cxd2 35.Rd1 Rxe5 36.Rxd2 Rd5 37.Re2 Rd6
38.Re8+ Kh7 39.Re7 Rxf6 40.Rxa7 Kg7 41.a4 Rf4 42.a5 Ra4 43.Kf3 c5 44.Ke3 h4
45.Kd3 Ra2 46.a6 Rxh2 47.Kc3 Ra2 48.Kc4 h3 49.Ra8 h2  0-1

[Event "chess.com SpeedChess 2022"]
[Site "chess.com INT"]
[Date "2022.12.08"]
[Round "1.33"]
[White "Nakamura,Hi"]
[Black "Paravyan,D"]
[Result "0-1"]
[WhiteElo "2768"]
[BlackElo "2586"]

1.a4 e5 2.a5 Nf6 3.c3 d5 4.b4 Bd6 5.g3 h5 6.h4 Bg4 7.d3 c5 8.bxc5 Bxc5 9.Qb3 Qe7
10.Bg5 Nc6 11.Bg2 O-O 12.Bxd5 Bxf2+ 13.Kxf2 Qc5+ 14.d4 exd4 15.Bxc6 dxc3+
16.Kg2 Qxc6+ 17.Nf3 Ne4 18.Qa4 Qe6 19.Re1 Rac8 20.Na3 Rfe8 21.Nb5 Rc4 22.Qc2 Nxg5
23.hxg5 Qc6 24.Na3 Rce4 25.Kf1 Bxf3 26.exf3 Rxe1+ 27.Rxe1 Qxf3+  0-1

[Event "chess.com SpeedChess 2022"]
[Site "chess.com INT"]
[Date "2022.12.08"]
[Round "1.32"]
[White "Paravyan,D"]
[Black "Nakamura,Hi"]
[Result "1-0"]
[WhiteElo "2586"]
[BlackElo "2768"]

1.e4 g6 2.d4 Bg7 3.Nf3 c6 4.Nc3 d5 5.exd5 cxd5 6.Bf4 Nc6 7.h3 Nf6 8.Bd3 Bf5
9.O-O O-O 10.Re1 Rc8 11.Bxf5 gxf5 12.Ne5 Ne4 13.Nxc6 Rxc6 14.Nxe4 fxe4 15.c3 Qd7
16.Re3 Qf5 17.Qg4 Qxg4 18.hxg4 b5 19.a3 a5 20.f3 exf3 21.gxf3 e6 22.Be5 b4
23.axb4 axb4 24.Bxg7 Kxg7 25.Kg2 Rfc8 26.Rc1 Rc4 27.Rd3 Ra8 28.Kg3 Ra2 29.Rb1 bxc3
30.bxc3 Rc2 31.Rb3 Kf6 32.Kf4 h6 33.Ra3 Rc7 34.Kg3 Rb7 35.Ra8 Rc7 36.Ra3 Kg5
37.Rb3 h5 38.gxh5 Kxh5 39.Kf4 f6 40.Re3 Rc6 41.Rb7 Kg6 42.Re1 e5+ 43.dxe5 Rc4+
44.Kg3 R2xc3 45.Rb6 Rc6 46.Rxc6 Rxc6 47.e6 Rc8 48.Kf4 Kg7 49.Kf5 Rc3 50.e7  1-0

[Event "chess.com SpeedChess 2022"]
[Site "chess.com INT"]
[Date "2022.12.08"]
[Round "1.31"]
[White "Nakamura,Hi"]
[Black "Paravyan,D"]
[Result "1-0"]
[WhiteElo "2768"]
[BlackElo "2586"]

1.Nf3 Nf6 2.b3 c5 3.Bb2 Nc6 4.d4 cxd4 5.Nxd4 Nxd4 6.Qxd4 g6 7.e4 Bg7 8.e5 O-O
9.Nc3 Ne8 10.O-O-O d6 11.f4 Bg4 12.Rd2 Nc7 13.Qe3 Qc8 14.exd6 exd6 15.Ne4 Bxb2+
16.Kxb2 Ne8 17.Bc4 Bf5 18.Re1 Bxe4 19.Qxe4 Nf6 20.Qd4 Qd8 21.Qxd6 Kg7 22.Re7 Qxd6
23.Rxd6 b6 24.Rc6 h5 25.Rcc7 Kh6 26.Bxf7 Rac8 27.Rxa7 h4 28.a4 Rc5 29.Bc4 Rf5
30.g3 hxg3 31.hxg3 g5 32.Bd3  1-0

[Event "chess.com SpeedChess 2022"]
[Site "chess.com INT"]
[Date "2022.12.08"]
[Round "1.29"]
[White "Paravyan,D"]
[Black "Nakamura,Hi"]
[Result "0-1"]
[WhiteElo "2586"]
[BlackElo "2768"]

1.e4 g6 2.d4 Bg7 3.Nf3 a6 4.Be3 d6 5.Qd2 b5 6.Bd3 c5 7.c3 Nd7 8.a4 c4 9.Bc2 Bb7
10.O-O Ngf6 11.Bh6 O-O 12.Bxg7 Kxg7 13.Qe2 e5 14.Nbd2 Re8 15.d5 Nc5 16.Qe3 Nfd7
17.h4 Nf6 18.Nh2 Ncd7 19.Bd1 Qb6 20.Qg3 Nc5 21.a5 Qa7 22.Bc2 Bc8 23.Kh1 Nh5
24.Qf3 Nf4 25.g3 Nh5 26.Ng4 Bxg4 27.Qxg4 Rab8 28.Kg2 Nf6 29.Qe2 h5 30.Rfb1 Rec8
31.Ra3 Ng4 32.f3 Nf6 33.Qe3 Qc7 34.Bd1 Nfd7 35.Be2 Rf8 36.Rf1 f5 37.exf5 Rxf5
38.Ne4 Nxe4 39.fxe4 Rxf1 40.Bxf1 Rf8 41.Ra1 Qc5 42.Re1 Qxe3 43.Rxe3 Nc5 44.Re1 Nb3
45.Be2 Ra8 46.Bd1 Nxa5 47.Bc2 Nb7 48.Kf3 Nc5 49.Ke3 a5 50.Ra1 a4 51.Kd2 Rf8
52.Ke3 Rf6 53.Rg1 Kf7 54.Rh1 Ke7 55.Rg1 Kd7 56.Rb1 Kc7 57.Rg1 Kb6 58.g4 hxg4
59.Rxg4 Ka5 60.Bd1 b4 61.Be2 bxc3 62.bxc3 Kb5 63.Rg1 Nb3 64.Rb1 Kc5  0-1

[Event "chess.com SpeedChess 2022"]
[Site "chess.com INT"]
[Date "2022.12.08"]
[Round "1.28"]
[White "Nakamura,Hi"]
[Black "Paravyan,D"]
[Result "1-0"]
[WhiteElo "2768"]
[BlackElo "2586"]

1.a3 e5 2.e4 Nf6 3.Nc3 Nc6 4.g3 d5 5.exd5 Nxd5 6.Bg2 Nxc3 7.bxc3 Bc5 8.Ne2 h5
9.d3 h4 10.Be3 Bxe3 11.fxe3 Qg5 12.Kd2 Ne7 13.Qg1 Nf5 14.g4 Nd6 15.h3 Be6
16.Ke1 O-O-O 17.e4 Kb8 18.Kf2 g6 19.Qc1 Qe7 20.Qe3 f5 21.exf5 gxf5 22.Qxe5 fxg4
23.Nd4 Rdf8+ 24.Kg1 gxh3 25.Rxh3 Re8 26.Rb1 Bd7 27.Qd5 c6 28.Nxc6+ Bxc6 29.Qxc6 Qe1+
30.Rxe1 Rxe1+ 31.Kf2 bxc6 32.Kxe1 Nb5 33.Bxc6 Nxa3 34.Kd1 Nb1 35.c4 a5 36.d4 Kc7
37.Bb5 Rg8 38.Kc1 Rg1+ 39.Kb2 Nd2 40.Rxh4 Nf3 41.Rh7+ Kb6 42.Rh6+ Kc7 43.d5 Nd4
44.d6+ Kb7 45.d7 Rg8 46.Rd6 Nxb5 47.d8=Q Rxd8 48.Rxd8 Na7 49.Rd7+ Kb6 50.Rd5 Nc6
51.Rb5+ Ka6 52.c3 Ne7 53.Kb3 Nc8 54.Rh5 Nb6 55.Rh6  1-0

[Event "chess.com SpeedChess 2022"]
[Site "chess.com INT"]
[Date "2022.12.08"]
[Round "1.27"]
[White "Paravyan,D"]
[Black "Nakamura,Hi"]
[Result "0-1"]
[WhiteElo "2586"]
[BlackElo "2768"]

1.e4 Nc6 2.Nf3 e5 3.Nc3 f5 4.d4 fxe4 5.Nxe5 Nf6 6.Bc4 d5 7.Nxd5 Nxd5 8.Qh5+ g6
9.Nxg6 hxg6 10.Qxg6+ Kd7 11.Qf7+ Nce7 12.Bxd5 Bh6 13.Be6+ Kc6 14.d5+ Kb6
15.Bxh6 Rxh6 16.Qf4 Qh8 17.Qe3+ c5 18.dxc6 Kxc6 19.Qxe4+ Kc7 20.Qf4+ Kc6
21.Qc4+ Kb6 22.Qb4+ Kc6 23.Bxc8 Qe5+ 24.Kf1 Nxc8 25.Re1 Qf6 26.Qc4+ Kd7 27.Qb5+ Kc7
28.Re3 Nd6 29.Qa5+ Kd7 30.Qa4+ b5 31.Qb4 Rh4 32.Qa5 Rf4 33.Qd2 Rf8 34.f3 Qxb2
35.Kf2 Rd4 36.Qe2 Rc4 37.c3 Qxe2+ 38.Kxe2 Ra4 39.Kf2 Rxa2+ 40.Re2 Ne4+ 41.Ke3 Rxe2+
42.Kxe2 Nxc3+ 43.Kd3 b4 44.Kc4 a5 45.h4 Rc8+ 46.Kb3 Rb8 47.h5 a4+ 48.Kc4 a3
49.h6 a2 50.h7 Nb1  0-1

[Event "chess.com SpeedChess 2022"]
[Site "chess.com INT"]
[Date "2022.12.08"]
[Round "1.26"]
[White "Nakamura,Hi"]
[Black "Paravyan,D"]
[Result "1-0"]
[WhiteElo "2768"]
[BlackElo "2586"]

1.b4 e5 2.Bb2 Bxb4 3.Bxe5 Nf6 4.e3 O-O 5.c3 Be7 6.g3 d5 7.Bg2 c5 8.Bxf6 Bxf6
9.d4 Nc6 10.Nf3 Qe7 11.O-O Rd8 12.Nbd2 Bf5 13.Qb3 Rac8 14.Rfc1 Bd3 15.Bf1 Bxf1
16.Kxf1 Na5 17.Qb5 Qc7 18.Kg2 a6 19.Qd3 b5 20.a4 c4 21.Qc2 Nc6 22.axb5 axb5
23.Rcb1 Rb8 24.Ra6 b4 25.Qa4 Rdc8 26.cxb4 c3 27.b5 Nxd4 28.exd4 cxd2 29.Nxd2 Qd7
30.Rc6 h5 31.h3 Qf5 32.Rxc8+ Rxc8 33.b6 Kh7 34.b7 Rc2 35.b8=Q Rxd2 36.Qf4 Rxf2+
37.Qxf2 Qxb1 38.Qac2+  1-0

[Event "chess.com SpeedChess 2022"]
[Site "chess.com INT"]
[Date "2022.12.08"]
[Round "1.25"]
[White "Paravyan,D"]
[Black "Nakamura,Hi"]
[Result "0-1"]
[WhiteElo "2586"]
[BlackElo "2768"]

1.e4 b6 2.d4 Bb7 3.Nc3 e6 4.Bd3 Bb4 5.Ne2 d5 6.exd5 Qxd5 7.Nf4 Qd8 8.O-O Nf6
9.Nh5 Nxh5 10.Qxh5 Nd7 11.Ne4 O-O 12.Bg5 Be7 13.h4 f5 14.Nc3 g6 15.Qh6 e5
16.Bc4+ Kh8 17.dxe5 Bxg5 18.hxg5 Nxe5 19.Rad1 Qe7 20.Rfe1 Rad8 21.Bd5 c6
22.Bb3 Rxd1 23.Rxd1 Ng4 24.Qh4 Re8 25.Rf1 Ba6 26.f3 Qe3+ 27.Kh1 Bxf1 28.fxg4 Qe1
29.Qxe1 Rxe1 30.gxf5 Bd3+ 31.Kh2 Bxf5 32.Kg3 Rc1 33.Ne2 Rb1 34.Nd4 Rxb2 35.Nxc6 Bxc2
36.Bd5 Bb1 37.a3 Ba2 38.Bf3 Rb3 39.Nxa7 Rxa3 40.Nb5 Rd3 41.Kf4 Bd5 42.Be2 Rd2
43.Ke3 Rxe2+  0-1

[Event "chess.com SpeedChess 2022"]
[Site "chess.com INT"]
[Date "2022.12.08"]
[Round "1.24"]
[White "Nakamura,Hi"]
[Black "Paravyan,D"]
[Result "1/2-1/2"]
[WhiteElo "2768"]
[BlackElo "2586"]

1.a4 e5 2.e4 Nf6 3.Nc3 Bb4 4.Bc4 c6 5.Nf3 O-O 6.O-O d5 7.Ba2 dxe4 8.Nxe5 Qd4
9.Nc4 Be6 10.Ne2 Qd8 11.Nf4 Bg4 12.Qe1 Qc7 13.c3 Be7 14.d4 exd3 15.Nxd3 Be6
16.Nf4 Bxc4 17.Bxc4 Bd6 18.g3 Nbd7 19.Qd1 Ne5 20.Be2 a5 21.Be3 Rfe8 22.h3 Ng6
23.Ng2 Nd5 24.Bd2 Bc5 25.Kh2 Rad8 26.Bh5 Ne5 27.Qc2 Qb6 28.Bg5 Be7 29.Bc1 g6
30.Be2 Bf6 31.f4 Nd7 32.Bc4 Qc5 33.Bb3 N7b6 34.Qf2 Be7 35.Ne3 Bf8 36.f5 Nxe3
37.fxg6 Nxf1+ 38.Qxf1 Re7 39.gxf7+ Kh8 40.Qf6+ Bg7 41.Bg5 Re2+ 42.Kh1 Rf8
43.Rf1 Nd7 44.Qf4 Qe5 45.Qxe5 Rxe5 46.Bf4 Rf5 47.Re1 R5xf7 48.Bxf7 Rxf7 49.Re8+ Bf8
50.Ra8 b6 51.Rc8 Kg8 52.Bh6 Ne5 53.Bf4 Nd3 54.Be3 c5 55.Rb8 Rf3 56.Bh6 Rf6
57.Bg5 Rf1+ 58.Kg2 Rf2+ 59.Kg1 Rf5 60.Bh6 Rf6 61.Bxf8 Rxf8 62.Rxb6 Re8 63.Rb5 c4
64.Rxa5 Re1+ 65.Kg2 Re2+ 66.Kf3 Rxb2 67.Ke4 Rb3 68.Kd4 Nb2 69.Ra8+ Kg7 70.a5 Ra3
71.a6 Nd1 72.a7 Nxc3 73.Kxc4 Ne4 74.Kb4 Ra1 75.Re8 Rxa7 76.Rxe4 Rc7 77.Rc4 Rd7
78.Kc3 Kg6 79.Rd4 Ra7 80.Rg4+ Kf5 81.Rg8 h5 82.Kd4 Ra4+ 83.Kd5 Ra5+ 84.Kd6 Ra6+
85.Kc5 Ra5+ 86.Kb4 Ra1 87.h4 Ke4 88.Kc5 Rd1 89.Rg5 Kf3 90.Kc6 Rg1 91.Rxh5 Rxg3
92.Rh8 Kg4 93.h5 Kh4 94.h6 Kh5 95.h7 Kh6 96.Rg8 Rc3+ 97.Kb5 Kxh7 98.Rg4 Rh3
99.Rb4 Rh1 100.Ka4 Rh6 101.Rb7+ Kg6 102.Rb6+ Kh5 103.Rxh6+ Kxh6  1/2-1/2

[Event "chess.com SpeedChess 2022"]
[Site "chess.com INT"]
[Date "2022.12.08"]
[Round "1.23"]
[White "Paravyan,D"]
[Black "Nakamura,Hi"]
[Result "0-1"]
[WhiteElo "2586"]
[BlackElo "2768"]

1.e4 a5 2.d4 c6 3.Nf3 d5 4.exd5 cxd5 5.Bf4 Nc6 6.Nc3 Bg4 7.h3 Bh5 8.g4 Bg6
9.Ne5 f6 10.Nxg6 hxg6 11.Qd3 Kf7 12.O-O-O g5 13.Be3 e6 14.f4 gxf4 15.Bxf4 Bd6
16.Be3 Rc8 17.Kb1 Nge7 18.h4 a4 19.a3 Na5 20.Bc1 Nc4 21.Qf3 Qa5 22.Na2 Qb6
23.Ka1 Nxa3 24.bxa3 Rxc2 25.Bd3 Qb3 26.Nb4 Bxb4  0-1

[Event "chess.com SpeedChess 2022"]
[Site "chess.com INT"]
[Date "2022.12.08"]
[Round "1.22"]
[White "Nakamura,Hi"]
[Black "Paravyan,D"]
[Result "0-1"]
[WhiteElo "2768"]
[BlackElo "2586"]

1.b3 e5 2.Bb2 Nc6 3.c4 Nge7 4.e4 Ng6 5.g3 Bc5 6.h4 h6 7.h5 Nf8 8.Nf3 d6 9.Nc3 Ne6
10.Bh3 a6 11.Nh4 Ncd4 12.Ne2 Qf6 13.Bxe6 Nxe6 14.f4 Bd7 15.Qc2 b5 16.Rf1 bxc4
17.fxe5 Qg5 18.bxc4 O-O 19.d4 Bb4+ 20.Bc3 Bxc3+ 21.Qxc3 dxe5 22.dxe5 Bc6
23.Rd1 Rad8 24.Kf2 Bxe4 25.Qe3 Qxe5 26.Nc3 Nc5 27.Kg1 Rxd1 28.Rxd1 Re8 29.Re1 c6
30.Ng2 f5 31.Nf4 Rd8 32.Ng6 Qd6 33.Ne2 Nd3 34.Rd1 Kh7 35.Nef4 Qa3 36.Ne6 Qa4
37.Rd2 Re8 38.Rxd3 Bxd3 39.Qxd3 Qxa2 40.Ngf4 Qa1+ 41.Kg2 Qe5 42.Nd4 Qe4+
43.Qxe4 Rxe4 44.Nxc6 Rxc4 45.Na5 Ra4 46.Nb3 a5 47.Nd5 Ra2+ 48.Kf1 a4 49.Nc5 a3
50.Nb4 Rb2 51.Ncd3 a2 52.Nxa2 Rxa2 53.Nf4 Ra4  0-1